Представление документа в формате RUSMARC

ПолеНазваниеЗначение
  Тип записи a
  Библиографический уровень m
001 Контрольный номер UONB/MAIN/d4439f7208284e2396d877e48d6bc19e
005 Дата корректировки 20240131005937.7
010 Индекс ISBN __
d Цена 1 р.
9 Тираж 500 экз.
100 Данные общей обработки __
a Данные общей обработки 20230502d1988 m y0rusy0189## ca
101 Язык документа 0_
a Язык текста rus
102 Страна публикации __
a Страна публикации RU
105 Кодированные данные (монография) __
a Кодированные данные (монография) y z 001yy
200 Заглавие и сведения об ответственности 1_
a Заглавие Социальная и стилистическая вариантность современного английского языка
e Сведения, относящиеся к заглавию межвуз. сб. науч. тр.
f Первые сведения об ответственности Пятигор. гос. пед. ин-т иностр. яз.
g Последующие сведения об ответственности отв. ред. В.А. Хомяков [и др.]
210 Выходные данные 1_
a Место издания Пятигорск
c Издательство ПГПИИЯ
d Дата издания 1988
215 Физическое описание __
a Объем 147 с.
d Формат 20 см
320 Библиография __
a Библиография Библиогр. в конце ст.
606 Тематические рубрики 0_
a Основная рубрика Вариантность (лингв.)
j Формальный подзаголовок Сборники
606 Тематические рубрики 0_
a Основная рубрика Английский язык
j Формальный подзаголовок Сборники
610 Ключевые слова 0_
a Ключевые слова вариантность слов языка; социальная вариативность английского языка; стилистика английского языка; сборники; сборники по английскому языку
675 Индекс УДК __
a Индекс УДК 4И(Англ)
686 Индексы других классификаций __
a Классификационный индекс 81.431
2 Код системы rubbk
702 Вторичная интеллектуальная ответственность _1
a Фамилия Хомяков
b Имя (инициалы) В.А.
g Полное личное имя Владимир Александрович
4 Код отношения 340
801 Источник записи _0
a Страна RU
b Организация Ульяновская ОНБ
c Дата составления 20230502
g Правила каталогизации RCR
801 Источник записи _1
a Страна RU
b Организация Ульяновская ОНБ
c Дата составления 20230502
g Правила каталогизации RCR
901 Тип документа __
t Тип документа m
909 Создатель записи __
a Создатель записи Седова
b Дата создания записи 20230502